5th Edition of International Students Conference Research in Architecture/ (Record no. 210400)

MARC details
000 -LEADER
fixed length control field 00615nam a22001937a 4500
005 - DATE AND TIME OF LATEST TRANSACTION
control field 20250320152530.0
010 ## - LCCN (DPL NO)
LC control number ENG-144118
020 ## - INTERNATIONAL STANDARD BOOK NUMBER
International Standard Book Number 9789389934687
Terms of availability 1800.00
035 ## - SYSTEM CONTROL NUMBER
System control number EN-127650
037 ## - SOURCE OF ACQUISITION
Source of stock number/acquisition DBAD
082 ## - DEWEY DECIMAL CLASSIFICATION NUMBER
Classification number 720.1
Edition number 5
245 ## - TITLE STATEMENT
Title 5th Edition of International Students Conference Research in Architecture/
Statement of responsibility, etc Edited By Nilesh Pore
250 ## - EDITION STATEMENT
Edition statement 5
260 ## - PUBLICATION, DISTRIBUTION, ETC. (IMPRINT)
Place of publication, distribution, etc New Delhi
Name of publisher, distributor, etc Allied Publishers Pvt Ltd.
Date of publication, distribution, etc 2024
270 ## - ADDRESS
Address A-104, Mayapuri, Phase-II
City New Delhi
Postal code 110064
300 ## - PHYSICAL DESCRIPTION
Extent xxi,676p.
Dimensions 29cm.(hb)
700 ## - ADDED ENTRY--PERSONAL NAME
Personal name Pore, Nilesh
Relator term Editor
9 (RLIN) 79786
942 ## - ADDED ENTRY ELEMENTS (KOHA)
Source of classification or shelving scheme Dewey Decimal Classification
Item type English Books
Classification part 720.1
Call number suffix INT
Holdings
Withdrawn status Lost status Not for loan Collection code Home library Current library Date acquired Source of acquisition Cost, normal purchase price Full call number Barcode Copy number Cost, replacement price Koha item type
    Not For Loan Non-fiction D.B.Act.Division D.B.Act.Division 20/03/2025 Delivery of Books Act Division 1800.00 720.1 INT EN-127650 1 1800.00 English Books

© Delhi Public Library
Hit Counter
free hit counter